Steam Turbine Governing and Overspeed Protection (Record no. 166575)

MARC details
000 -LEADER
fixed length control field 00773nam a2200229 a 4500
008 - FIXED-LENGTH DATA ELEMENTS--GENERAL INFORMATION
fixed length control field
020 ## - INTERNATIONAL STANDARD BOOK NUMBER
International Standard Book Number 1860581625 (hbk. )
049 ## - LOCAL HOLDINGS (OCLC)
Holding library MAIN
090 ## - LOCALLY ASSIGNED LC-TYPE CALL NUMBER (OCLC); LOCAL CALL NUMBER (RLIN)
Classification number (OCLC) (R) ; Classification number, CALL (RLIN) (NR) TJ735 INS
003 - CONTROL NUMBER IDENTIFIER
control field
005 - DATE AND TIME OF LATEST TRANSACTION
control field 20230123134456.0
040 ## - CATALOGING SOURCE
Transcribing agency NUST
110 ## - MAIN ENTRY--CORPORATE NAME
Corporate name or jurisdiction name as entry element Institution of Mechanical Engineers
245 10 - TITLE STATEMENT
Title Steam Turbine Governing and Overspeed Protection
Statement of responsibility, etc. Institution of Mechanical Engineers.
260 ## - PUBLICATION, DISTRIBUTION, ETC.
Place of publication, distribution, etc. London :
Name of publisher, distributor, etc. Institution of Mechanical Engineers,
Date of publication, distribution, etc. 1998.
300 ## - PHYSICAL DESCRIPTION
Extent 91 p. :
Other physical details ill. 25 cm.
440 ## - SERIES STATEMENT/ADDED ENTRY--TITLE
Title IMechE Seminar Publication 1998-10
500 ## - GENERAL NOTE
General note includes bibliographical references.
650 #1 - SUBJECT ADDED ENTRY--TOPICAL TERM
Topical term or geographic name entry element Steam Turbine
General subdivision Governing and Overspeed Protection
907 ## - LOCAL DATA ELEMENT G, LDG (RLIN)
a .b10202675
b 10-09-07
c 15-05-06
942 ## - ADDED ENTRY ELEMENTS (KOHA)
Koha item type Ordinary Loan Books
Call number prefix TJ735 INS
Holdings
Date last seen Total Checkouts Full call number Barcode Cost, replacement price Price effective from Koha item type Lost status Source of classification or shelving scheme Damaged status Not for loan Collection Withdrawn status Home library Current library Shelving location Date acquired Cost, normal purchase price
01/23/2023   TJ735 INS 92003025786 80.00 01/23/2023 BOOKS   LCC     NFIC   MAIN MAIN GEN 01/23/2023 80.00